Video Game Characters By Main Weapon - Statistics

General Stats
  • This quiz has been taken 38 times
  • The average score is 8 of 15
Answer Stats
Hint Answer % Correct
Diamond Sword Steve
82%
Boot Mario
76%
Web Launcher Spiderman
73%
Blade of Chaos Kratos
67%
Sword that Seals the Darkness Link
67%
Splat launcher Inkling
64%
Energy Sword Masterchief
58%
Poltergust 5000 Luigi
55%
Flamethrower (TF2) Pyro
48%
Lightsaber (Fallen Order) Cal Kestis
45%
Fireball (COC) Wizard
45%
Banana Launcher Diddy Kong
39%
Stomach + Hammer Kirby
27%
Arm Cannon Samus Aran
24%
Dual Pistols (Valorant) Tracer
12%
No matching quizzes found
Score Distribution
Percent of People with Each Score
Percentile by Number Answered
Your Score History
You have not taken this quiz